000 00998nam1a22002411i 4500
001 rc\3213821
005 20240723203131.0
010 _9100
035 _a(NLR Aleph) 007360623
090 _a6304009
_c6304009
100 _a20130115d1972 |||y0rusy50 ca
101 0 _arus
102 _aRU
105 _ay ac |||||
200 1 _aБиблиографический указатель статей по обогащению и окускованию полезных ископаемых
_fСост. П.Я. Ярутин
_gМ-во высш. и сред. спец. образ. РСФСР. Свердл. горный ин-т им. В.В. Вахрушева. Кафедра обогащения полезных ископаемых
210 _aСвердловск
_cБ. и.
_d1972
215 _d20
300 _aНа обл. сост. не указан
700 1 _aЯрутин
_bП.Я.
_4220
801 0 _aRU
_bNLR
_gpsbo
801 1 _aRU
_bELAR
_2rusmarc
852 _aNLR
_jС337-720/Б-59
942 _cBOOK